Sauces McDonald's - Statistiques

Statistiques générales
  • Ce quiz a été pris 569 fois
  • Le résultat moyen est 6 sur 13
Statistiques - réponses
Réponse % Correct
Ketchup
93%
Barbecue
87%
Chinoise
79%
Curry
74%
Mayonnaise
72%
Moutarde
67%
Creamy Deluxe
65%
Pommes-frites
38%
Vinaigre
9%
Caesar
4%
Allégée
1%
Douce
1%
Noisettes
1%
Aucun quiz correspondant
Distribution des résultats
% des personnes avec chaque résultat
Percentile par nombre de réponses
Votre historique - résultats
Vous n’avez pas pris ce quiz